000 00673nam a2200193 i 4500
001 bgj
100 1 _aTASKA, Betty Keene
245 1 0 _aAmerican patchwork :
_ba collection of American short stories for advanced students of English as a foreign language /
_ccompiled and edited with notes and exersises by Betty Keene Taska.
250 _a[Repr.].
260 _a[Washington, D.C.],
_c1993
_aUnited States Information Agency.
300 _aIV, 214 pp :
_bphotos ;
_c26 cm.
505 _aIncludes index.
650 9 _aAmerican short stories
650 9 _aReading advanced
040 _cBPK
041 0 _aeng
942 _cKS
008 s uk f |000 0 eng
999 _c47725
_d47725
856 _uhttp://koha.tu.koszalin.pl/cgi-bin/koha/opac-detail.pl?biblionumber=47725
_yKatalog online BPK